MARC details
| 000 -CABECERA |
| campo de control de longitud fija |
02889nam a2200397 i 4500 |
| 001 - NÚMERO DE CONTROL |
| campo de control |
000004476 |
| 003 - IDENTIFICADOR DEL NÚMERO DE CONTROL |
| campo de control |
DO-SdBNP |
| 005 - FECHA Y HORA DE LA ÚLTIMA TRANSACCIÓN |
| campo de control |
20251105132454.0 |
| 007 - CAMPO FIJO DE DESCRIPCIÓN FÍSICA--INFORMACIÓN GENERAL |
| campo de control de longitud fija |
ta |
| 008 - DATOS DE LONGITUD FIJA--INFORMACIÓN GENERAL |
| campo de control de longitud fija |
090723s2008 dr d 000 0 spa d |
| 040 ## - FUENTE DE LA CATALOGACIÓN |
| Centro catalogador/agencia de origen |
DO-SdBNP |
| Lengua de catalogación |
spa |
| Centro/agencia transcriptor |
BNPHU |
| Normas de descripción |
rda |
| 041 ## - CÓDIGO DE LENGUA |
| Código de lengua del texto/banda sonora o título independiente |
spa |
| 082 #4 - NÚMERO DE LA CLASIFICACIÓN DECIMAL DEWEY |
| Número de clasificación |
330.97293 |
| Número de documento/Ítem |
M766h |
| Número de edición |
22 |
| 100 1# - ENTRADA PRINCIPAL--NOMBRE DE PERSONA |
| Nombre de persona |
Montás, Juan Temístocles, |
| Fechas asociadas al nombre |
1950- |
| Término indicativo de función/relación |
autor |
| Código de función/relación |
aut. |
| 9 (RLIN) |
79676 |
| 245 10 - MENCIÓN DE TÍTULO |
| Título |
Hacia dónde vamos : |
| Resto del título |
reflexiones sobre el desarrollo dominicano / |
| Mención de responsabilidad, etc. |
Juan Temístocles Montás ; supervisión técnica, Rafael Martínez Alés. |
| 264 #4 - PRODUCCIÓN, PUBLICACIÓN, DISTRIBUCIÓN, FABRICACIÓN Y COPYRIGHT |
| Producción, publicación, distribución, fabricación y copyright |
Santo Domingo, República Dominicana : |
| Nombre del de productor, editor, distribuidor, fabricante |
Editora Alfa & Omega, |
| Fecha de producción, publicación, distribución, fabricación o copyright |
©2008. |
| 300 ## - DESCRIPCIÓN FÍSICA |
| Extensión |
279 páginas : |
| Otras características físicas |
ilustraciones, diágramas ; |
| Dimensiones |
23 cm. |
| 336 ## - TIPO DE CONTENIDO |
| Término de tipo de contenido |
texto |
| Código de tipo de contenido |
txt |
| Fuente |
rdacontent |
| 337 ## - TIPO DE MEDIO |
| Nombre/término del tipo de medio |
sin mediación |
| Código del tipo de medio |
n |
| Fuente |
rdamedia |
| 338 ## - TIPO DE SOPORTE |
| Nombre/término del tipo de soporte |
volumen |
| Código del tipo de soporte |
nc |
| Fuente |
rdacarrier |
| 500 ## - NOTA GENERAL |
| Nota general |
Incluye datos biográficos del autor en la solapa de cubierta. |
| 500 ## - NOTA GENERAL |
| Nota general |
Incluye referencias bibliográficas y notas al pie de las páginas |
| 505 2# - NOTA DE CONTENIDO CON FORMATO |
| Nota de contenido con formato |
Introducción -- Hacia dónde va la economía dominicana -- Los sectores económicos y su crecimiento : factores determinantes -- Las fortalezas y oportunidades de la economía dominicana -- Amenazas, desafíos debilidades -- Los aspectos negativos -- El desempeño económico y su relación con el desempeño social -- Las lecciones aprendidas -- ¿Dónde nos encontramos al día de hoy ? -- Perpectivas de la economía -- República Dominicana: la construcción de un país prospero, equitativo y agradable -- Lecciones que no deben olvidarse --La crisis bancaria y sus causas : una reflexión sobre la crisis bancaria dominicana -- La importancia de los bancos -- Las causas de las crisis bancarias -- ¿Qué pasó en la República Dominicana? -- Una lección que debemos aprender. |
| 505 2# - NOTA DE CONTENIDO CON FORMATO |
| Nota de contenido con formato |
El crecimiento en la República Dominicana y Haití : ¿Por qué aquí sí y allí no? -- Cohesión social : la experiencia dominicana -- Una agenda para la modernización democrática del país -- Facilidad, desarrollo y democracia -- Una aproximación a la sostenibilidad fiscal en la República Dominicana -- El significado del actual nivel de endeudamiento público -- La larga marcha de la reforma en América Latiana -- El impacto del petróleo en la economía dominicana -- El DR-CAFTA y el futuro de la economía dominicana. |
| 590 ## - NOTA LOCAL (RLIN) |
| Nota local |
Inventariado, 2018/ YL |
| 650 #4 - PUNTO DE ACCESO ADICIONAL DE MATERIA--TÉRMINO DE MATERIA |
| Término de materia o nombre geográfico como elemento de entrada |
Crisis económica |
| Subdivisión geográfica |
República Dominicana |
| 9 (RLIN) |
13092 |
| 650 #4 - PUNTO DE ACCESO ADICIONAL DE MATERIA--TÉRMINO DE MATERIA |
| Término de materia o nombre geográfico como elemento de entrada |
Crisis bancaria |
| 9 (RLIN) |
13093 |
| 650 #4 - PUNTO DE ACCESO ADICIONAL DE MATERIA--TÉRMINO DE MATERIA |
| Término de materia o nombre geográfico como elemento de entrada |
Política monetaria |
| Subdivisión geográfica |
República Dominicana |
| 9 (RLIN) |
5998 |
| 650 #0 - PUNTO DE ACCESO ADICIONAL DE MATERIA--TÉRMINO DE MATERIA |
| Término de materia o nombre geográfico como elemento de entrada |
Desarrollo económico |
| 9 (RLIN) |
85548 |
| 651 #4 - PUNTO DE ACCESO ADICIONAL DE MATERIA--NOMBRE GEOGRÁFICO |
| Nombre geográfico |
República Dominicana |
| Subdivisión general |
Condiciones económicas |
| 9 (RLIN) |
281 |
| 651 #4 - PUNTO DE ACCESO ADICIONAL DE MATERIA--NOMBRE GEOGRÁFICO |
| Nombre geográfico |
República Dominicana |
| Subdivisión general |
Política económica |
| 9 (RLIN) |
643 |
| 651 #4 - PUNTO DE ACCESO ADICIONAL DE MATERIA--NOMBRE GEOGRÁFICO |
| Nombre geográfico |
República Dominicana |
| Subdivisión general |
Condiciones sociales |
| 9 (RLIN) |
46 |
| 700 ## - PUNTO DE ACCESO ADICIONAL--NOMBRE DE PERSONA |
| Nombre de persona |
Martínez Alés, Rafael |
| 9 (RLIN) |
5738 |
| 910 ## - DATOS DE OPCIÓN DEL USUARIO (OCLC) |
| Datos de opción del usuario |
Validado. Control de calidad MMOLINA |
| 942 ## - ELEMENTOS DE PUNTO DE ACCESO ADICIONAL (KOHA) |
| Fuente del sistema de clasificación o colocación |
Dewey Decimal Classification |
| Tipo de ítem Koha |
Libro |